000 00790nam a2200229Ia 4500
003 GCL
005 20240530102503.0
008 140319s9999 xx 000 0 ara d
040 _aGCL /
_cGCL
082 0 4 _a350
_bا ن
100 1 _aاوشى، وليم ج.
245 1 0 _aالنموذج اليابانى فى الادارة نظرية (Z) /
_cتاليف وليم ج. اوشى ؛ ترجمة حسن محمد يس ؛ مراجعة ربحى محمد الحسن
260 _a[S.N] :
_bالادارة العامة للبحوث
300 _a338 ص
650 0 4 _aاليابان
650 0 4 _aالادارة
650 0 4 _aتنظيم وادارة
650 0 4 _aالمصانع
650 0 4 _aاتخاذ القرارات
700 1 _aحسن محمد يس
_eمترجم
942 _2ddc
_cBK
999 _c32599
_d32599